000 00497nam a2200181Ia 4500
003 GCL
008 140319s9999 xx 000 0 ara d
040 _aGCL /
_cGCL
082 0 4 _a962.43
_bع م
100 1 _aعمر طوسون
245 1 0 _aالمسالة السودانية /
_cعمر طوسون
260 _a[S.N] :
_bدار الكتب ،
_c1936
490 _a
650 0 4 _aالسودان
650 0 4 _aالتاريخ
650 0 4 _aالاحتلال البريطانى
942 _2ddc
_cBK
999 _c58695
_d58695